00443nam a2200157Ia 4500003000400000008004100004040001600045082001500061100001500076245009300091700001600184260003800200300001000238650001400248650002300262GCL140319s9999 xx 000 0 eng d aGCL / cGCL04a330.9bK G1 aKNOX, PAUL10aTHE GEOGRAPHY OF THE WORLD ECONOMY: AN INTRODUCTION TO ECONOMIC GEOGRAPHY / cKNOX, PAUL1 aAGNEW, JOHN a[S.N] : bEDWARD ARNOLD ، c1994 a439 P04aECONOMICS04aECONOMIC GEOGRAPHY